[Event "25th Troya Open 2017"]
[Site "Canakkale"]
[Date "2017.08.11"]
[Round "7.12"]
[White "Ilkbahar, Nimet Seray"]
[Black "Ozkurt, Kutay"]
[Result "0-1"]
[WhiteElo "1622"]
[BlackElo "1686"]
[Annotator "NA RC"]
[PlyCount "70"]
[EventCountry "TUR"]
[SourceTitle "playchess.com"]
[Source "ChessBase"]
[SourceQuality "1"]
[TimeControl "5400+30"]

1. e4 {[%emt 0:00:30]} d5 {[%emt 0:01:00]} 2. exd5 {[%emt 0:00:30]} Qxd5 {[%emt 0:00:30]} 3. Nc3 {[%emt 0:00:30]} Qd8 {[%emt 0:00:30]} 4. d4 {[%emt 0:00:30]} Nf6 {[%emt 0:00:00]} 5. Bc4 {[%emt 0:02:30]} c6 {[%emt 0:00:00]} 6. Nf3 {[%emt 0:01:30]} Bf5 {[%emt 0:00:00]} 7. Qe2 {[%emt 0:05:30]} e6 {[%emt 0:02:00]} 8. Bd2 {[%emt 0:05:30]} Bxc2 {[%emt 0:03:30]} 9. d5 {[%emt 0:01:30]} cxd5 {[%emt 0:05:30]} 10. Bb5+ {[%emt 0:00:30]} Nbd7 {[%emt 0:00:00]} 11. Bg5 {[%emt 0:06:30]} d4 {[%emt 0:08:00]} 12. Qxc2 {[%emt 0:08:30]} dxc3 {[%emt 0:00:30]} 13. Bxd7+ {[%emt 0:43:03]} Qxd7 {[%emt 0:00:30]} 14. Bxf6 {[%emt 0:01:37]} gxf6 {[%emt 0:00:30]} 15. Rd1 {[%emt 0:01:13]} Qc6 {[%emt 0:01:30]} 16. Nd4 {[%emt 0:02:38]} Qc4 {[%emt 0:01:30]} 17. bxc3 {[%emt 0:01:25]} Rd8 {[%emt 0:00:30]} 18. Qb3 {[%emt 0:03:57]} Qxb3 {[%emt 0:00:30]} 19. axb3 {[%emt 0:00:07]} Bc5 {[%emt 0:00:30]} 20. O-O {[%emt 0:01:14]} Bxd4 {[%emt 0:00:00]} 21. Rxd4 {[%emt 0:00:00]} Rxd4 {[%emt 0:00:00]} 22. cxd4 {[%emt 0:00:00]} Ke7 {[%emt 0:00:30]} 23. Rc1 {[%emt 0:00:06]} Rd8 {[%emt 0:00:30]} 24. Rd1 {[%emt 0:00:30]} Rd5 {[%emt 0:00:30]} 25. f4 {[%emt 0:00:30]} Kd6 {[%emt 0:00:30]} 26. Kf2 {[%emt 0:00:30]} Ra5 {[%emt 0:00:30]} 27. Ke3 {[%emt 0:00:30]} Ra2 {[%emt 0:00:30]} 28. Kf3 {[%emt 0:00:30]} a5 {[%emt 0:00:30]} 29. h3 {[%emt 0:00:30]} Ra3 {[%emt 0:00:30]} 30. Rb1 {[%emt 0:00:30]} a4 {[%emt 0:00:30]} 31. Ke2 {[%emt 0:00:30]} Rxb3 {[%emt 0:00:00]} 32. Ra1 {[%emt 0:08:53]} a3 {[%emt 0:00:00]} 33. Kd2 {[%emt 0:00:06]} b5 {[%emt 0:00:00]} 34. Kc2 {[%emt 0:00:38]} Rb2+ {[%emt 0:00:00]} 35. Kc3 {[%emt 0:00:38]} b4+ {[%emt 0:00:00]} 0-1